header

Crisis, recovery, and the role of accounting firms in the Pacific Basin (Record no. 7735)

MARC details
000 -LEADER
fixed length control field 01327nam a22003254a 4500
001 - CONTROL NUMBER
control field ebr10023311
003 - CONTROL NUMBER IDENTIFIER
control field CaPaEBR
006 - FIXED-LENGTH DATA ELEMENTS--ADDITIONAL MATERIAL CHARACTERISTICS--GENERAL INFORMATION
fixed length control field m u
007 - PHYSICAL DESCRIPTION FIXED FIELD--GENERAL INFORMATION
fixed length control field cr cn|||||||||
008 - FIXED-LENGTH DATA ELEMENTS--GENERAL INFORMATION
fixed length control field 010717s2002 ctu sb 001 0 eng
010 ## - LIBRARY OF CONGRESS CONTROL NUMBER
Canceled/invalid LC control number 2001049179
020 ## - INTERNATIONAL STANDARD BOOK NUMBER
Cancelled/invalid ISBN 1567203116 (alk. paper)
040 ## - CATALOGING SOURCE
Original cataloging agency CaPaEBR
Transcribing agency CaPaEBR
035 ## - SYSTEM CONTROL NUMBER
System control number (OCoLC)614521456
050 14 - LIBRARY OF CONGRESS CALL NUMBER
Classification number HF5616.P16
Item number M35 2002eb
082 04 - DEWEY DECIMAL CLASSIFICATION NUMBER
Classification number 338.7/61657/099
Edition number 21
100 1# - MAIN ENTRY--PERSONAL NAME
Personal name McKee, David L.
245 10 - TITLE STATEMENT
Title Crisis, recovery, and the role of accounting firms in the Pacific Basin
Medium [electronic resource] /
Statement of responsibility, etc David L. McKee, Don E. Garner, and Yosra AbuAmara McKee.
260 ## - PUBLICATION, DISTRIBUTION, ETC. (IMPRINT)
Place of publication, distribution, etc Westport, Conn. :
Name of publisher, distributor, etc Quorum Books,
Date of publication, distribution, etc 2002.
300 ## - PHYSICAL DESCRIPTION
Extent ix, 214 p.
504 ## - BIBLIOGRAPHY, ETC. NOTE
Bibliography, etc Includes bibliographical references (p. [189]-207) and index.
533 ## - REPRODUCTION NOTE
Type of reproduction Electronic reproduction.
Place of reproduction Palo Alto, Calif. :
Agency responsible for reproduction ebrary,
Date of reproduction 2013.
Note about reproduction Available via World Wide Web.
-- Access may be limited to ebrary affiliated libraries.
650 #0 - SUBJECT ADDED ENTRY--TOPICAL TERM
Topical term or geographic name as entry element Accounting firms
Geographic subdivision Pacific Area.
Topical term or geographic name as entry element Financial crises
Geographic subdivision Pacific Area.
655 #7 - INDEX TERM--GENRE/FORM
Genre/form data or focus term Electronic books.
Source of term local
700 1# - ADDED ENTRY--PERSONAL NAME
Personal name Garner, Don E.
Personal name McKee, Yosra AbuAmara,
Dates associated with a name 1948-
710 2# - ADDED ENTRY--CORPORATE NAME
Corporate name or jurisdiction name as entry element ebrary, Inc.
856 40 - ELECTRONIC LOCATION AND ACCESS
Uniform Resource Identifier <a href="http://site.ebrary.com/lib/rucke/Doc?id=10023311">http://site.ebrary.com/lib/rucke/Doc?id=10023311</a>
Public note An electronic book accessible through the World Wide Web; click to view

No items available.

© 2026 Rongo University
Contact us: librarian | system librarian | Rongo university